Biblioteca

Tu cuerpo, de la cabeza a los pies (Registro nro. 49381)

Detalles MARC
000 -LÍDER
Campo fijo de descripción fija 006130000a22002170004500
001 - NÚMERO DE CONTROL
Campo de control 2235
003 - IDENTIFICADOR DEL NÚMERO DE CONTROL
Campo de control CO-MdFUSB
005 - FECHA Y HORA DE LA ULTIMA TRANSACCIÓN
control field 20170515155626.0
008 - ELEMENTOS DE LONGITUD FIJA -- INFORMACIÓN GENERAL
Campo fijo de descripción fija -- Información general 170515b xxu||||| |||| 00| 0 eng d
020 ## - NÚMERO INTERNACIONAL NORMALIZADO PARA LIBROS
Número Internacional Normalizado del libro 978-84-236-7763-4
040 ## - FUENTE DE CATALOGACIÓN
Agencia que realiza la transcripción CO-MdBIC
082 04 - NÚMERO DE CLASIFICACIÓN DECIMAL DEWEY
Número de clasificación 863C D456c
100 1# - ASIENTO PRINCIPAL--NOMBRE PERSONAL
Nombre personal Roca, Nuria
245 10 - TÍTULO
Título del Material Tu cuerpo, de la cabeza a los pies
250 ## - MENCIÓN DE EDICIÓN
Mención de edición Segunda edición
260 ## - PUBLICACIÓN, DISTRIBUCIÓN, ETC. (PIE DE IMPRENTA)
Lugar de publicación, distribución, etc. España : Edebé
300 ## - DESCRIPCIÓN FÍSICA
Extensión 36p/24x24cm
500 ## - NOTA GENERAL
Nota General A partir de los tres años
505 00 - NOTA DE CONTENIDO
Nota de contenido con formato preestablecido Los sentimientos -- La familia -- Tu cuerpo -- Niños y niñas del mundo -- El miedo -- Tus amigos
942 ## - TIPO DE MATERIAL (KOHA)
Tipo de Item KOHA Z- Libro General BINCO
Existencias
Estado de Material Estado de Perdido Forma de Clasificación Volumen-Parte/Tomo Estado de Dañado No para Préstamo Tomo Biblioteca de Origen Biblioteca Permanente Fecha de Adquisición Total de Préstamos Signatura Topográfica Código de Barras Última vez visto Ejemplar/Existencia Fecha de Remplazo Tipo de Material
    Dewey Decimal Classification         Biblioteca Infantil Comunitaria BINCO Biblioteca Infantil Comunitaria BINCO 26/08/2013   863C D456c B33321 24/11/2016 1 26/01/2016 Z- Libro General BINCO

Biblioteca FUSBC | Teléfono: (57+4) 349 88 10 Ext. 141| WhatsApp (+57) 3005338115 
E-mail: biblioteca@unisbc.edu.co | Calle 76 87-14 Robledo Palenque, Medellín, Colombia

Con tecnología Koha